ELEKTRÓNOVOMIKROSKOPICKÝ OBRAZ DEGENEROVANÝCH SYNÁPS PO ZADNÝCH RADIKULOTÓMIÁCH U PSA

Podrobná bibliografia
Hlavní autori: Badonič, Tichomír (Autor), Maršala, Jozef, 1929-2007 (Autor)
Médium: Článok
Jazyk:slovenčina

MARC

LEADER 00000nab a2200000uu 4500
001 vtls011440926
003 SK-MaSNL
005 20260303123325.0
008 230213|1976 xo |||||||||||||||||slo|
015 |a SNBRB 
035 |a (urnnbn)urn:nbn:sk:snk:ar-002zmq 
035 |a (uuid)65afc460-ed7a-4d31-9f6a-94863cff5d00 
035 |a urn:nbn:sk:snk-abcfad 
040 |a SNKBUCL  |b slo  |c SNKBUCL  |e AACR2 
041 0 |a slo 
044 |a xo  |c SK 
100 1 |a Badonič, Tichomír  |4 aut  |9 556779 
245 1 0 |a ELEKTRÓNOVOMIKROSKOPICKÝ OBRAZ DEGENEROVANÝCH SYNÁPS PO ZADNÝCH RADIKULOTÓMIÁCH U PSA  |c Tichomír Badonič, Jozef Maršala 
700 1 |a Maršala, Jozef,  |d 1929-2007  |4 aut  |9 21948 
773 0 |t Biológia : časopis Slovenskej akadémie vied  |g Roč. 31, č. 6 (1976), s. 431-438 
954 |a odborná, vedecká literatúra pôvodná (slovenská)  |2 lita 
958 |a OND 
958 |a EUIPO 
958 |a article16 
999 |c 1925220  |d 1927150